Les plus gros transferts du football - Nés en 1984 - Statistiques

Statistiques générales
  • Ce quiz a été pris 67 fois
  • Le résultat moyen est 7 sur 10
Statistiques - réponses
Montant de transfert (M €) Saison Nationalité Venant de Allant à Joueur % Correct
35,00 2007-2008 Pays-Bas Chelsea Real Madrid Arjen Robben
98%
25,00 2009-2010 Pays-Bas Real Madrid Bayern Munich Arjen Robben
98%
42,00 2012-2013 Brésil AC Milan Paris SG Thiago Silva
97%
58,50 2010-2011 Espagne Liverpool Chelsea Fernando Torres
93%
38,00 2007-2008 Espagne Atlético Madrid Liverpool Fernando Torres
93%
29,00 2009-2010 Togo Arsenal Manchester City Emmanuel Adebayor
72%
43,00 2008-2009 Brésil Real Madrid Manchester City Robinho
72%
29,00 2009-2010 Argentine West Ham United Manchester City Carlos Tevez
50%
27,00 2007-2008 Pays-Bas Ajax Real Madrid Wesley Sneijder
30%
24,75 2007-2008 Angleterre Charlton Tottenham Darren Bent
5%
Aucun quiz correspondant
Distribution des résultats
% des personnes avec chaque résultat
Percentile par nombre de réponses
Votre historique - résultats
Vous n’avez pas pris ce quiz